| 000 | 004810000a22001930004500 | ||
|---|---|---|---|
| 003 | LK-CoMWRAF | ||
| 008 | 230817t ||||| |||| 00| 0 eng d | ||
| 040 |
_aLK-CoMWRAF _dLK-CoMWRAF _eLK-CoMWRAF |
||
| 041 | _aeng | ||
| 082 |
_a910 _bJAM |
||
| 100 | _aJameel, S.H.M. | ||
| 245 |
_aNinaivil Nalvar _b |
||
| 250 | _aFirst Edition | ||
| 260 |
_bIslamic Book Publishing _aSri Lanka (Kalmunai) _c1993 |
||
| 300 | _ap.43 | ||
| 650 | _aBiography | ||
| 650 | _aTamil text | ||
| 942 | _cBK | ||
| 999 |
_c2054 _d2054 |
||